[Event "Euskadi tch DH"]
[Site ""]
[Date "2012.02.18"]
[Round "6"]
[White "Ruiz Gomez, Alejandro"]
[Black "Hamdouchi, Hicham"]
[Result "1/2-1/2"]
[WhiteElo "2413"]
[BlackElo "2613"]

1.e4 c5 2.Nf3 d6 3.Bc4 Nf6 4.d3 g6 5.c3 Bg7 6.O-O O-O 7.Bb3 Nc6 8.Bg5 h6 
9.Be3 e5 10.h3 Be6 11.Nbd2 Qe7 12.Bxe6 fxe6 13.d4 exd4 14.cxd4 Nd7 15.Nb3 
c4 16.d5 cxb3 17.dxc6 bxc6 18.axb3 c5 19.Qd2 g5 20.Rfd1 Rxf3 21.gxf3 Ne5 
22.Qxd6 Qf7 23.Bxc5 Kh7 24.b4 Nxf3+ 25.Kf1 Ne5 26.Ra3 Qg6 27.Re1 g4 28.
hxg4 Nc4 29.Qd3 Nxa3 30.bxa3 Qxg4 31.e5+ Kh8 32.Re4 Qh5 33.Rd4 Qg5 34.Qe3 
Qh5 35.Qd3 Qg5 36.Qe3 Qh5 37.Qd3 1/2-1/2

[Event "Euskadi tch DH"]
[Site ""]
[Date "2012.02.18"]
[Round "6"]
[White "Franco Alonso, Alejandro"]
[Black "Iruzubieta Villaluenga, Jesus"]
[Result "1/2-1/2"]
[WhiteElo "2449"]
[BlackElo "2391"]

1.d4 Nf6 2.c4 g6 3.Nc3 d5 4.Nf3 Bg7 5.Bg5 Ne4 6.cxd5 Nxg5 7.Nxg5 O-O 8.Nf3
c6 9.dxc6 Nxc6 10.e3 e5 11.dxe5 Nxe5 12.Nxe5 Bxe5 13.Qxd8 Rxd8 14.Be2 Be6 
15.Rd1 Rdc8 16.Bf3 Bxc3+ 17.bxc3 Rxc3 18.O-O Rb8 19.Bd5 Bxd5 20.Rxd5 b5 
21.Rfd1 a5 22.Kf1 Kg7 1/2-1/2

[Event "Euskadi tch DH"]
[Site ""]
[Date "2012.02.18"]
[Round "6"]
[White "Limeres Guiance, Cristobal"]
[Black "Gonzalez De la Torre, Santiago"]
[Result "0-1"]
[WhiteElo "2209"]
[BlackElo "2441"]

1.Nf3 Nf6 2.b4 e6 3.a3 d5 4.Bb2 a5 5.b5 c5 6.e3 Bd6 7.c4 O-O 8.d4 Nbd7 9.
dxc5 Nxc5 10.Nbd2 Qe7 11.Ne5 Rd8 12.Qc2 Nce4 13.Rd1 Nxd2 14.Rxd2 Ne4 15.
Rd3 Qc7 16.f4 f6 17.Nf3 Bd7 18.Rd1 Bxb5 19.Nd4 Bd7 20.Bd3 h6 21.O-O Nc5 
22.Rc1 Nxd3 23.Qxd3 Qb6 24.Rb1 Qa6 25.Qg6 dxc4 26.f5 exf5 27.Nxf5 Bxf5 28.
Rxf5 Be7 29.Rbf1 Rd6 30.Bd4 Re6 31.a4 Qc6 32.Rb5 c3 33.Rb6 Qxb6 34.Bxb6 
Rxb6 35.Qe4 Bb4 36.Qc4+ Kh8 37.Rf2 Rc6 38.Qb3 Re8 39.h4 Rxe3 40.h5 c2 0-1

[Event "Euskadi tch DH"]
[Site ""]
[Date "2012.02.18"]
[Round "6"]
[White "Argandoña Riveiro, Iñigo"]
[Black "Gete Rodriguez, Isidro"]
[Result "1/2-1/2"]
[WhiteElo "2387"]
[BlackElo "2146"]

1.c4 c6 2.e4 d5 3.exd5 cxd5 4.cxd5 Nf6 5.Nc3 Nxd5 6.Nf3 Nc6 7.d4 Bf5 8.Bc4
Nxc3 9.bxc3 e6 10.O-O Be7 11.Bd3 Bxd3 12.Qxd3 O-O 13.Rb1 Na5 14.c4 Rc8 15.
Bd2 Nxc4 16.Rxb7 Nxd2 17.Qxd2 Rc7 18.Rxc7 Qxc7 19.Rc1 Qb7 20.Qc2 Rd8 21.h3
g6 22.Qc7 Rd7 23.Qf4 Ba3 24.Re1 Qd5 25.Qd2 f6 26.Qe3 Bb4 27.Qxe6+ Qxe6 28.
Rxe6 Kf7 29.Ra6 g5 30.g4 Bc3 31.Ra4 a5 32.Kf1 Re7 33.Rc4 Bb4 34.Rc6 Re4 
35.Ra6 Kg7 36.a3 Bc3 37.Rc6 Bb2 38.Rc5 a4 39.Rc4 Bxa3 40.Rxa4 Bc1 41.Ra1 
Bb2 42.Rd1 Kf7 43.Rd2 Ba1 44.Ra2 Bc3 45.Ra3 Bb2 46.Rb3 Bc1 47.Rb1 Ba3 48.
Re1 Rf4 49.Ke2 Kg6 50.Ke3 h5 51.gxh5+ Kxh5 52.h4 Bd6 53.hxg5 fxg5 54.Nd2 
Bb4 55.Rh1+ Kg4 56.Rg1+ Kf5 57.Nf3 g4 58.Ne5 Bc3 59.Nc6 Rf3+ 60.Ke2 Rh3 
61.d5 Bf6 62.Rg3 Rxg3 63.fxg3 Ke4 64.Nb4 Be7 65.Nc2 Bd6 66.Ne3 Bxg3 67.
Nxg4 Kxd5 1/2-1/2

[Event "Euskadi tch DH"]
[Site ""]
[Date "2012.02.11"]
[Round "5.4"]
[White "Astasio Lopez, David"]
[Black "Huerga Leache, Mikel"]
[Result "1/2-1/2"]
[WhiteElo "2327"]
[BlackElo "2436"]

1.d4 Nf6 2.Nf3 c5 3.e3 e6 4.Be2 Nc6 5.O-O d5 6.c4 dxc4 7.Nc3 Be7 8.Bxc4 
O-O 9.a3 a6 10.dxc5 Bxc5 11.b4 Qxd1 12.Rxd1 Be7 13.Bb2 Rd8 14.Rxd8+ Bxd8 
15.Rd1 Be7 16.e4 Nd7 17.Be2 Kf8 18.Ne1 Ke8 19.f4 Bd8 20.Nf3 Nf6 21.Ne1 
Bb6+ 22.Kf1 Bd4 23.Nc2 Bxc3 24.Bxc3 Bd7 25.Bf3 Ne7 26.Nd4 Ba4 27.Rd2 Rc8 
28.Bb2 Nd7 29.Ne2 g6 30.Bd4 Nc6 31.Be3 a5 32.Nc3 Bb3 33.Nb5 Bc4+ 34.Be2 
Bxb5 35.Bxb5 axb4 36.axb4 Nf6 37.Rd4 Ng4 38.Ke2 Nxh2 39.Rd6 Ng4 40.Bd4 Rd8
41.Rxc6 bxc6 42.Bxc6+ Kf8 43.Bc5+ Kg7 44.b5 Rc8 45.Bd4+ Kh6 46.b6 Rxc6 47.
b7 Rc4 48.b8=Q Rxd4 49.Kf3 f5 50.e5 Re4 51.g3 Nh2+ 52.Kf2 Ng4+ 53.Kf1 Ne3+
54.Kg1 Kh5 55.Qb1 g5 56.Kf2 Ng4+ 57.Kf3 Re3+ 58.Kg2 gxf4 59.gxf4 Re2+ 60.
Kg3 Re3+ 61.Kg2 Re2+ 62.Kg3 Re3+ 63.Kg2 Re2+ 64.Kg3 1/2-1/2

[Event "Euskadi tch DH"]
[Site ""]
[Date "2012.02.11"]
[Round "5.4"]
[White "Varas, Carlos"]
[Black "Perez De Miguel, Alvaro"]
[Result "1-0"]
[WhiteElo "2259"]
[BlackElo "2190"]

1.e4 c6 2.Nf3 d5 3.exd5 cxd5 4.Ne5 Nd7 5.d4 Nxe5 6.dxe5 e6 7.Bd3 Ne7 8.O-O
Ng6 9.Qh5 Bc5 10.Nd2 Qh4 11.Bb5+ Kf8 12.Qe2 a6 13.g3 Qh3 14.Bd3 f5 15.Nf3 
Qh5 16.Be3 Be7 17.c4 dxc4 18.Bxc4 b5 19.Nh4 Qxe2 20.Nxg6+ hxg6 21.Bxe2 Bb7
22.Rac1 Bd5 23.b3 Bd8 24.a4 bxa4 25.bxa4 Kf7 26.f3 Ba5 27.Bc4 Bb7 28.Rfd1 
Rad8 29.Bg5 Rxd1+ 30.Rxd1 Rc8 31.Rd7+ Kf8 32.Bxe6 Bb6+ 33.Kf1 Bxf3 34.Rf7+
Ke8 35.Re7+ 1-0

[Event "Euskadi tch DH"]
[Site ""]
[Date "2012.02.11"]
[Round "5.4"]
[White "Albaina Alvarez, Alvaro"]
[Black "Sadusea, Johnny"]
[Result "1-0"]
[WhiteElo "2144"]
[BlackElo "2113"]

1.e4 c5 2.Nf3 d6 3.d4 cxd4 4.Qxd4 Nc6 5.Bb5 Bd7 6.Bxc6 Bxc6 7.Nc3 Nf6 8.
Bg5 e6 9.O-O-O Be7 10.Rhe1 Qa5 11.Qd2 O-O 12.Kb1 Qc7 13.Nd4 Rfd8 14.f4 b5 
15.Ncxb5 Bxb5 16.Nxb5 Qb7 17.Bxf6 Bxf6 18.Nd4 a5 19.g4 a4 20.g5 a3 21.b3 
Be7 22.f5 e5 23.f6 exd4 24.fxe7 Qxe7 25.h4 Ra4 26.Qf2 Qe5 27.bxa4 Rb8+ 28.
Kc1 d3 29.Rxd3 Qb2+ 30.Kd2 Rc8 31.Rc1 g6 32.Qd4 Qxa2 33.Rc3 Rb8 34.Qxd6 
Qb2 35.Rxa3 Rb6 36.Qd8+ Kg7 37.Rc3 Qb4 38.Qc7 Rd6+ 39.Ke3 Qd4+ 40.Kf3 Re6 
41.Re3 Qxa4 42.Rb1 h5 43.Qc3+ 1-0

[Event "Euskadi tch DH"]
[Site ""]
[Date "2012.02.11"]
[Round "5.4"]
[White "Valdezate Suarez, Fernando"]
[Black "Gutierrez Bustillo, Diego"]
[Result "1/2-1/2"]
[WhiteElo "1992"]
[BlackElo "2018"]

1.d4 f5 2.Bg5 Nf6 3.Bxf6 exf6 4.e3 d5 5.Bd3 Be6 6.Ne2 Qd7 7.Nf4 Bf7 8.Nd2 
Nc6 9.c3 O-O-O 10.Qc2 g6 11.a3 Bd6 12.O-O-O Rhe8 13.g3 a6 14.Nb3 Kb8 15.
Nc5 Bxc5 16.dxc5 Ne5 17.Be2 g5 18.Nd3 Bg6 19.Nxe5 fxe5 20.f4 exf4 21.exf4 
gxf4 22.gxf4 Qe7 23.Bd3 Qxc5 24.Bxf5 Bxf5 25.Qxf5 Re2 26.Qd3 Qf2 27.Rd2 
Rde8 28.Qxd5 Qxf4 29.Qd3 Re1+ 30.Rxe1 Rxe1+ 31.Kc2 Qa4+ 32.b3 Qxa3 33.Qd8+
Ka7 34.Qxc7 Qa2+ 35.Kd3 Qxb3 36.Qc5+ Qb6 37.Kc4 Re4+ 38.Rd4 Re6 39.Qxb6+ 
Kxb6 40.Rh4 h6 41.Rh5 a5 42.Kb3 Ka6 43.Rh3 b5 44.Ka3 Rc6 45.Kb3 Kb6 46.Rh5
a4+ 47.Kb2 Ka6 48.Rh4 Ka5 49.Rh5 Kb6 50.Rh3 Kb7 51.Rh5 Rb6 52.Ka3 Ka7 53.
Kb4 Kb7 54.Ka3 Ka6 55.Kb4 Rc6 56.Rxb5 Rxc3 57.Rh5 1/2-1/2

[Event "Euskadi tch DH"]
[Site ""]
[Date "2012.02.11"]
[Round "5.1"]
[White "Edouard, Romain"]
[Black "Prie, Eric"]
[Result "1/2-1/2"]
[WhiteElo "2616"]
[BlackElo "2500"]

1.e4 d5 2.exd5 Qxd5 3.Nc3 Qa5 4.d4 Nf6 5.Bd2 Bg4 6.Nf3 Qf5 7.Bd3 Bxf3 8.
gxf3 Qd7 9.Be3 Nc6 10.Ne4 O-O-O 11.c3 e5 12.Nxf6 gxf6 13.Qc2 Kb8 14.Bf5 
Qd5 15.Be4 Qc4 16.d5 Ne7 17.Qb3 Qxb3 18.axb3 b6 19.c4 f5 20.Bc2 f4 21.Bd2 
c6 22.Bc3 f6 23.dxc6 Nxc6 24.Be4 Nd4 25.Rd1 a5 26.Bxd4 exd4 27.Rg1 Rd7 28.
Ke2 Bc5 29.Kd3 Kc7 30.Rg4 Bd6 31.Rdg1 Re8 32.Rh4 Re5 33.Rh6 f5 34.Bd5 Rde7
35.Rg8 Re1 36.c5 Bxc5 37.Rc6+ Kd7 38.Ra8 Rd1+ 39.Kc4 d3 40.Ra7+ Kd8 41.
Ra8+ Kd7 42.Ra7+ Kd8 43.Ra8+ 1/2-1/2

[Event "Euskadi tch DH"]
[Site ""]
[Date "2012.02.11"]
[Round "5.2"]
[White "Hernandez, Elvis"]
[Black "del Rio de Angelis, Gabriel"]
[Result "0-1"]
[WhiteElo "2305"]
[BlackElo "2531"]

1.e4 d6 2.d4 Nf6 3.Nc3 g6 4.Be3 c6 5.a4 Bg7 6.h3 Nbd7 7.g3 O-O 8.Bg2 e5 9.
Nge2 b6 10.O-O Bb7 11.f4 exd4 12.Nxd4 Re8 13.Re1 a6 14.e5 dxe5 15.Nxc6 Qc7
16.Nxe5 Nxe5 17.fxe5 Rxe5 18.Qd2 Rae8 19.Bxb7 Qxb7 20.Bf4 Ne4 21.Qg2 R5e6 
22.Nxe4 Rxe4 23.Rxe4 Rxe4 24.Rd1 Qe7 25.b3 h6 26.c4 Kh7 27.Qf3 Qe6 28.Rf1 
Bd4+ 0-1

[Event "Euskadi tch DH"]
[Site ""]
[Date "2012.02.11"]
[Round "5.3"]
[White "Romero Holmes, Alfonso"]
[Black "Lakunza Oyarbide, Juan Carlos"]
[Result "1-0"]
[WhiteElo "2501"]
[BlackElo "2111"]

1.c4 Nf6 2.Nc3 g6 3.e4 d6 4.d4 Bg7 5.h3 O-O 6.Nge2 e5 7.d5 Nbd7 8.g4 Ne8 
9.Be3 f5 10.gxf5 gxf5 11.exf5 Rxf5 12.Ng3 Rf7 13.Nce4 Nf8 14.Rg1 Bf5 15.
Ng5 Rf6 16.Nxf5 Rxf5 17.Bd3 e4 18.Bxe4 Re5 19.Qh5 Nf6 20.Qf7+ Kh8 21.Bd4 
Qe7 22.Bxe5 Qxe5 23.Qxg7+ Kxg7 24.Nf3+ Ng6 25.Nxe5 Re8 26.Bxg6 Rxe5+ 27.
Be4+ 1-0

[Event "Euskadi tch DH"]
[Site ""]
[Date "2012.02.11"]
[Round "5.4"]
[White "Montolio Benedicto, Cesar"]
[Black "Gomez Esteban, Juan Mario"]
[Result "1-0"]
[WhiteElo "1967"]
[BlackElo "2471"]

1.e4 c6 2.d4 d5 3.Nc3 dxe4 4.Nxe4 Bf5 5.Ng3 Bg6 6.h4 h6 7.Nf3 Nd7 8.h5 Bh7
9.Bd3 Bxd3 10.Qxd3 e6 11.Bf4 Bb4+ 12.c3 Be7 13.O-O-O Ngf6 14.Kb1 O-O 15.
Ne5 c5 16.Nxd7 Qxd7 17.dxc5 Qxd3+ 18.Rxd3 Bxc5 19.f3 Rfd8 20.Rhd1 Be7 21.
Rxd8+ Rxd8 22.Rxd8+ Bxd8 23.Be5 a6 24.c4 Nd7 25.Bd4 f5 26.Ne2 Kf7 27.Kc2 
e5 28.Bf2 Nf6 29.Bh4 Be7 30.Bxf6 Kxf6 31.f4 exf4 32.Nxf4 Kg5 33.Ne6+ Kxh5 
34.Nxg7+ Kg4 35.Ne6 h5 36.Kd3 Bf6 37.Ke2 Bxb2 38.Nc5 b5 39.Nd3 Bd4 40.c5 
a5 41.c6 Bb6 42.Nc5 Kg3 43.Kf1 b4 44.Ne6 f4 45.c7 Bxc7 46.Nxc7 f3 47.gxf3 
Kxf3 48.Ne6 Ke4 49.Ke2 h4 50.Ng5+ Kf4 51.Nh3+ Kg3 52.Ng5 a4 53.Kd3 Kf4 54.
Nh3+ Kg4 55.Nf2+ Kf3 56.Nh3 Kg3 57.Ng5 Kf4 58.Nh3+ Kg3 59.Ng5 Kf4 {Bandera
} 1-0

[Event "Euskadi tch DH"]
[Site ""]
[Date "2012.02.18"]
[Round "6"]
[White "Diaz Herrero, Alvaro"]
[Black "Hernandez, Elvis"]
[Result "1/2-1/2"]
[WhiteElo "2132"]
[BlackElo "2305"]

1.d4 d5 2.c4 dxc4 3.Nf3 a6 4.e3 b5 5.a4 Bb7 6.b3 Nf6 7.axb5 axb5 8.Rxa8 
Bxa8 9.bxc4 bxc4 10.Bxc4 e6 11.O-O Nbd7 12.Nbd2 Be7 13.Bb2 O-O 14.Qc2 c5 
15.Bd3 cxd4 16.Bxd4 Qa5 17.Ne4 Bxe4 18.Bxe4 Nxe4 19.Qxe4 1/2-1/2

[Event "Euskadi tch DH"]
[Site ""]
[Date "2012.02.18"]
[Round "6"]
[White "Lakunza Oyarbide, Juan Carlos"]
[Black "Miguelez Garcia, Erlantz"]
[Result "0-1"]
[WhiteElo "2111"]
[BlackElo "2022"]

1.Nf3 Nf6 2.c4 g6 3.Nc3 Bg7 4.e4 d6 5.d4 c5 6.Be2 O-O 7.O-O Nbd7 8.Bg5 Re8
9.Qd2 Qc7 10.Rfe1 a6 11.Rac1 b6 12.Bf1 Bb7 13.h3 Rad8 14.a3 Qb8 15.Bh6 Bh8
16.Qe3 cxd4 17.Nxd4 Nc5 18.Nd5 Ncxe4 19.Nxb6 Qa7 20.Nb3 Nd7 21.Nxd7 Qxe3 
22.Bxe3 Rxd7 23.Nd4 f5 24.b4 f4 25.Nb3 fxe3 26.Rxe3 Rf8 27.c5 Rc8 28.Na5 
Bd5 29.Bxa6 Rf8 30.c6 Rc7 31.Bc4 Bxc4 32.Rxc4 d5 33.Rc2 Bd4 34.Rf3 Rxf3 
35.gxf3 Ng5 36.Kg2 Ne6 37.Nb3 Be5 38.a4 d4 0-1

[Event "Euskadi tch DH"]
[Site ""]
[Date "2012.02.20"]
[Round "6"]
[White "Sanz Rodero, Mikel"]
[Black "Sanz Perez, Eduardo"]
[Result "1/2-1/2"]
[WhiteElo "2045"]
[BlackElo "2132"]

1.e4 e6 2.d4 d5 3.exd5 exd5 4.Nf3 Bg4 5.h3 Bh5 6.Qe2+ Qe7 7.g4 Bg6 8.Be3 
Nc6 9.Nc3 O-O-O 10.a3 Nf6 11.Nh4 Ne4 12.Nxg6 hxg6 13.Nxe4 dxe4 14.O-O-O f5
15.Bg2 Qf7 16.gxf5 gxf5 17.Kb1 Kb8 18.f4 Na5 19.d5 b6 20.c4 Be7 21.Rc1 Bf6
22.Rhd1 c5 23.dxc6 Nxc6 24.c5 Qb3 25.Rxd8+ Nxd8 26.cxb6 axb6 27.Rc4 Be7 
28.Rc3 Qa4 29.Bxb6 Ne6 30.b3 Qd7 31.Qa6 Bf6 32.Rc1 Qb7 33.Qxb7+ Kxb7 34.
Be3 Rd8 35.Bf1 Be7 36.Bc4 Nc7 37.b4 Nd5 38.Bxd5+ Rxd5 39.Bc5 Bxc5 40.bxc5 
Kc6 41.Kb2 Rxc5 42.Rg1 Rb5+ 43.Kc3 Ra5 44.Kb4 Rb5+ 45.Kc4 Rc5+ 46.Kd4 Rd5+
47.Kc4 Rc5+ 48.Kb4 Rb5+ 49.Ka4 Rb7 50.Rg5 Re7 51.Kb4 e3 52.Rg1 Re4+ 53.Kc3
Rxf4 54.Rxg7 Re4 55.Rg1 f4 56.Kd3 Ra4 57.Ke2 Rxa3 58.Kf3 e2+ 59.Kxe2 Rxh3 
60.Rg4 f3+ 61.Kf2 Kd5 62.Rf4 Ke5 63.Rxf3 Rxf3+ 64.Kxf3 1/2-1/2

[Event "Euskadi tch DH"]
[Site ""]
[Date "2012.02.18"]
[Round "6"]
[White "Segovia Sanchez, Antonio"]
[Black "Zabala Perez, Aritz"]
[Result "1-0"]
[WhiteElo "2045"]
[BlackElo "1968"]

1.d4 Nf6 2.Bf4 d5 3.e3 c5 4.c3 Nc6 5.Nf3 Bf5 6.Qb3 Na5 7.Qa4+ Bd7 8.Bb5 
Nc4 9.dxc5 e6 10.b3 Na5 11.Ne5 Nc6 12.Bxc6 bxc6 13.b4 a5 14.Qc2 Be7 15.Nd2
O-O 16.O-O Nh5 17.Bg3 f6 18.Nd3 Nxg3 19.hxg3 Qc7 20.Rfe1 Be8 21.Qb3 Bf7 
22.a4 Rfb8 23.Qa3 Ra7 24.Nb3 Bg6 25.Nf4 axb4 26.cxb4 Rab7 27.Nxe6 Qd7 28.
Ned4 Rxb4 29.Na5 Bxc5 30.Naxc6 R8b7 31.Nxb4 Bxb4 32.Qa2 Bxe1 33.Rxe1 Bd3 
34.Qa3 Bc4 35.Ra1 Qc8 36.a5 h6 37.Qd6 Qa8 38.Nc6 Kh7 39.a6 Rb6 40.a7 Bb5 
41.Qc5 Qxc6 42.Qxb6 Qxb6 43.a8=Q Bc4 44.Qc8 Bd3 45.Qd7 Qb3 46.g4 h5 47.
gxh5 Be4 48.h6 Kxh6 49.Qh3+ Kg6 50.Qg4+ Kh6 51.Ra8 g5 52.Qh3+ Kg6 53.Rh8 
Kf7 54.Qd7+ 1-0

[Event "Euskadi tch DH"]
[Site ""]
[Date "2012.02.18"]
[Round "6.2"]
[White "Huerga Leache, Mikel"]
[Black "Conquest, Stuart"]
[Result "1/2-1/2"]
[WhiteElo "2436"]
[BlackElo "2509"]

1.e4 e5 2.Nf3 Nc6 3.Bb5 a6 4.Ba4 Nge7 5.Bb3 Ng6 6.h4 Be7 7.h5 Nh4 8.h6 g6 
9.Nxh4 Bxh4 10.Nc3 d6 11.Nd5 O-O 12.d3 Nd4 13.g3 Be7 14.Be3 Nxb3 15.axb3 
f5 16.Qe2 Be6 17.Nxe7+ Qxe7 18.O-O-O a5 19.exf5 Bxf5 20.d4 Be4 21.dxe5 
Bxh1 22.Rxh1 Qxe5 23.Qc4+ d5 24.Qb5 b6 25.Bf4 Qe6 26.Rd1 c5 27.Bc7 Rfc8 
28.Bf4 d4 29.Bd2 a4 30.bxa4 Qa2 31.Bg5 Qa1+ 32.Kd2 Qxa4 33.Qxb6 Qa5+ 34.
Qxa5 Rxa5 35.Re1 c4 36.Bf6 c3+ 37.bxc3 dxc3+ 38.Kd3 Rf5 39.Bd4 Kf7 40.Ra1 
Rc7 41.f4 Rh5 42.Bxc3 Rh3 43.Be5 Rd7+ 44.Ke4 Rxh6 45.c4 Rh2 46.Rc1 Re2+ 
47.Kf3 Rdd2 48.Ra1 Rf2+ 49.Kg4 Ra2 50.Rb1 Rh2 51.Rb7+ Ke6 52.Rb6+ Kd7 53.
c5 Rac2 54.Rd6+ Ke7 55.c6 Rhd2 56.Rxd2 Rxd2 57.c7 Rc2 58.f5 Rc4+ 59.Kg5 
gxf5 60.Kxf5 Rc5 61.g4 Rc6 62.Bf4 Rc5+ 1/2-1/2

[Event "Euskadi tch DH"]
[Site ""]
[Date "2012.02.18"]
[Round "6.2"]
[White "Del Rio De Angelis, Salvador G"]
[Black "Alvarez Ibarra, Rafael"]
[Result "1-0"]
[WhiteElo "2531"]
[BlackElo "2368"]

1.d4 d5 2.c4 c6 3.Nf3 Nf6 4.Nc3 dxc4 5.a4 e6 6.e3 c5 7.Bxc4 Nc6 8.O-O cxd4
9.exd4 Be7 10.Qe2 O-O 11.Rd1 Nd5 12.Bd3 Ncb4 13.Bb1 b6 14.Ne5 Bb7 15.a5 
Rc8 16.a6 Ba8 17.Bd2 Nc6 18.Nf3 Re8 19.h4 Bf6 20.Ne4 Nce7 21.Nfg5 Rf8 22.
Nxh7 Bxh4 23.Nxf8 Kxf8 24.Qh5 Nf5 25.Ra3 Bf6 26.Ng5 Bxg5 27.Bxg5 f6 28.Bd2
Qd7 29.Re1 Nde7 30.Bb4 Kg8 31.Bxe7 Nxe7 32.Rg3 Nf5 33.Bxf5 exf5 34.Rge3 
Be4 35.Qd1 Rc4 36.Qb3 Qd5 37.Rc3 1-0

[Event "Euskadi tch DH"]
[Site ""]
[Date "2012.02.18"]
[Round "6.2"]
[White "Varas, Carlos"]
[Black "Romero Holmes, Alfonso"]
[Result "0-1"]
[WhiteElo "2259"]
[BlackElo "2501"]

1.e4 c5 2.Nf3 g6 3.d4 cxd4 4.Nxd4 Bg7 5.Nc3 Nc6 6.Be3 Nf6 7.Be2 O-O 8.O-O 
d6 9.Nb3 b6 10.f4 Bb7 11.Bf3 Nd7 12.Qd2 Rc8 13.Kh1 Re8 14.Rad1 Nc5 15.Qf2 
Bxc3 16.bxc3 Ba6 17.Rfe1 Na4 18.Bd2 Nb8 19.Qd4 Nb2 20.Rb1 Nc4 21.Bc1 e5 
22.Qf2 exf4 23.Bxf4 Ne5 24.Rbd1 Rxc3 25.Bxe5 Rxe5 26.Qd4 Qc7 27.Qxd6 Qxd6 
28.Rxd6 Nc6 29.Rc1 Re7 30.Kg1 Rc7 31.Nd4 Nxd4 32.Rxd4 Ra3 33.e5 Bc4 34.Bd5
Bxd5 35.Rxd5 Rxa2 36.c4 Ra4 37.c5 Ra5 38.Rd8+ Kg7 39.c6 Rxe5 40.Rd7 Rxd7 
41.cxd7 Rd5 42.Rc7 a5 43.Rb7 a4 44.Rxb6 Rxd7 45.Ra6 Rd4 46.Kf2 h5 47.g3 h4
48.Kf3 Rb4 49.Kg2 g5 50.Kh3 f6 51.Ra8 Kg6 52.Ra5 Re4 53.Ra6 Rd4 54.Ra5 Kh5
55.g4+ Kh6 56.Ra6 Kg6 57.Ra7 Rd3+ 58.Kg2 a3 59.Ra6 Rb3 60.Ra7 Rd3 61.Ra6 
Kf7 62.Ra7+ Ke6 63.Ra6+ Ke5 64.Ra5+ Kf4 65.Ra4+ Ke3 66.Ra6 h3+ 0-1

[Event "Euskadi tch DH"]
[Site ""]
[Date "2012.02.18"]
[Round "6.2"]
[White "Gomez Esteban, Juan Mario"]
[Black "Sadusea, Johnny"]
[Result "1-0"]
[WhiteElo "2471"]
[BlackElo "2113"]

1.Nf3 d5 2.d4 c6 3.c4 Nf6 4.e3 Bf5 5.Nc3 e6 6.Nh4 Bg6 7.Nxg6 hxg6 8.Bd3 
Nbd7 9.O-O Qc7 10.h3 g5 11.cxd5 exd5 12.e4 dxe4 13.Bxe4 Nxe4 14.Nxe4 f6 
15.d5 Rh4 16.Nxg5 fxg5 17.Bxg5 Rh6 18.Bxh6 gxh6 19.Qh5+ Kd8 20.Qf7 Qd6 21.
Rfe1 Kc7 22.dxc6 Qxc6 23.Rac1 Bc5 24.Qf4+ Qd6 25.Qxd6+ Kxd6 26.Red1+ Ke6 
27.Rxd7 Bxf2+ 28.Kxf2 Kxd7 29.g4 Rf8+ 30.Kg3 Rf6 31.Rc2 Ra6 32.a3 Ke6 33.
Kh4 Ra5 34.Rc7 Rb5 35.b4 Kf6 36.Rc5 Rb6 37.Kh5 Kg7 38.h4 a6 39.g5 hxg5 40.
hxg5 Kg8 41.Rc8+ Kg7 42.Rc7+ Kg8 43.g6 Rc6 44.Rxc6 bxc6 45.Kg5 1-0

[Event "Euskadi tch DH"]
[Site ""]
[Date "2012.02.18"]
[Round "6.3"]
[White "Franco Alonso, Alejandro"]
[Black "Astasio Lopez, David"]
[Result "1/2-1/2"]
[WhiteElo "2449"]
[BlackElo "2327"]

1.d4 d5 2.c4 c6 3.Nf3 Nf6 4.Nc3 dxc4 5.a4 Bf5 6.Ne5 Na6 7.f3 Nd7 8.Nxc4 e5
9.e4 exd4 10.Ne2 Bg6 11.Nxd4 Bb4+ 12.Bd2 Ndc5 13.Nc2 Bxd2+ 14.Qxd2 O-O 15.
Qxd8 Raxd8 16.Ra3 f5 17.b4 fxe4 18.bxc5 exf3 19.N2e3 f2+ 20.Ke2 Nxc5 21.
Ne5 Be4 22.Nf3 Nd3 23.h4 h5 24.a5 b5 25.axb6 axb6 26.Rxd3 Bxd3+ 27.Kxf2 b5
28.Bxd3 Rxd3 29.Rc1 Rd2+ 30.Kg3 Rd3 31.Kf2 Rd2+ 32.Kg3 Rd6 33.Rc5 g6 34.
Nc2 Rf5 35.Rc3 Kf8 36.Ne3 Rff6 37.Ng5 Ke8 38.Ne4 Kd7 39.Nxf6+ Rxf6 40.Nc2 
Kc7 41.Nb4 Kb6 42.Ra3 Rd6 43.Kf3 Rd4 44.Ra6+ Kb7 45.Rxc6 Rxb4 46.Rxg6 Rxh4
47.Rh6 b4 48.Ke3 b3 49.Kd2 Rb4 50.Kc1 Rb5 51.Kb2 Kc7 52.Rg6 Rb4 53.Rg5 h4 
54.g3 hxg3 55.Rxg3 Kc6 56.Rxb3 1/2-1/2

[Event "Euskadi tch DH"]
[Site ""]
[Date "2012.02.18"]
[Round "6.3"]
[White "Perez De Miguel, Alvaro"]
[Black "Gonzalez De La Torre, Santiago"]
[Result "1/2-1/2"]
[WhiteElo "2190"]
[BlackElo "2441"]

1.d4 e6 2.c4 Nf6 3.Nf3 c5 4.d5 exd5 5.cxd5 Bd6 6.Nc3 Bc7 7.g3 d6 8.Bg2 O-O
9.O-O a6 10.a4 Re8 11.Qc2 Nbd7 12.Nh4 Rb8 13.Nf5 Nf8 14.b3 b5 15.axb5 axb5
16.Ne3 Bd7 17.Bb2 Bb6 18.Ne4 Nxe4 19.Bxe4 Bh3 20.Ng2 Ng6 21.Rfd1 Qd7 22.
Ra6 c4 23.bxc4 Rec8 24.Rda1 Qb7 25.Bc3 Rxc4 26.Bd3 Rcc8 27.Qb3 Bc5 28.R1a5
b4 29.Rb5 Qe7 30.Rxb8 Rxb8 31.Qb2 Bxg2 32.Kxg2 Qg5 33.Bxg6 Qxg6 34.f3 Re8 
35.Be1 Qf6 36.Qxf6 gxf6 37.e4 f5 38.Bf2 fxe4 39.Bxc5 dxc5 40.Rc6 b3 41.d6 
exf3+ 42.Kxf3 Rd8 43.Rxc5 Rxd6 44.Rb5 Rd3+ 45.Kf4 Rc3 46.h4 Kg7 47.Rb6 Kf8
48.Rb7 Ke8 49.g4 Rh3 50.h5 Kf8 51.Kf5 Kg7 52.Rb6 h6 53.Kf4 Rc3 54.Ke4 Kh7 
55.Rb7 Kg8 56.Rb8+ Kg7 57.Rb6 Rh3 58.Kf4 Rd3 59.Ke4 Rh3 60.Kf4 Rc3 61.Ke4 
Kh7 62.Rb7 Kg7 63.Rb6 Kf8 64.Rb7 Ke8 65.Kf5 Rf3+ 66.Ke4 Rh3 67.Kf5 Rf3+ 
68.Ke4 Rc3 69.Kf5 Kd8 70.Kf6 Rf3+ 71.Kg7 Rg3 72.Kxf7 Rxg4 73.Rxb3 Rg5 74.
Rb6 Rxh5 75.Kg7 Kc7 1/2-1/2

[Event "Euskadi tch DH"]
[Site ""]
[Date "2012.02.18"]
[Round "6.3"]
[White "Etchegaray, Patrice"]
[Black "Albaina Alvarez, Alvaro"]
[Result "1-0"]
[WhiteElo "2405"]
[BlackElo "2144"]

1.e4 d5 2.exd5 Qxd5 3.Nc3 Qa5 4.Bc4 Nf6 5.d3 c6 6.Bd2 Qc7 7.Qe2 Bf5 8.h3 
h6 9.g4 Bh7 10.f4 Bg8 11.Nf3 Nbd7 12.O-O-O O-O-O 13.Ne5 e6 14.Rhe1 Nxe5 
15.fxe5 Nd5 16.Bxd5 cxd5 17.Qf2 Qc5 18.d4 Qc4 19.Kb1 Rd7 20.Re3 Bh7 21.Ne4
Kb8 22.Rc3 Qa6 23.Nc5 Bxc5 24.Rxc5 b6 25.Rc3 Bg6 26.b3 Rc8 27.Rxc8+ Kxc8 
28.Bb4 Rd8 29.Kb2 Kd7 30.Rd2 Rc8 31.h4 Ke8 32.h5 Be4 33.Qh4 Qb7 34.g5 a5 
35.Bd6 a4 36.gxh6 gxh6 37.Qf6 axb3 38.axb3 Ra8 39.Qxh6 Qa6 40.Qf8+ Kd7 41.
Qxf7+ Kc6 42.Qc7+ Kb5 43.Qd7+ 1-0

[Event "Euskadi tch DH"]
[Site ""]
[Date "2012.02.18"]
[Round "6.3"]
[White "Gutierrez Bustillo, Diego"]
[Black "Argandoña Riveiro, Iñigo"]
[Result "0-1"]
[WhiteElo "2018"]
[BlackElo "2387"]

1.e4 e5 2.Nf3 d6 3.d4 exd4 4.Nxd4 Nf6 5.Nc3 Be7 6.f3 O-O 7.Be3 Re8 8.Qd2 
d5 9.e5 Nfd7 10.f4 c5 11.Nf5 d4 12.Nxe7+ Rxe7 13.Nd5 dxe3 14.Nxe7+ Qxe7 
15.Qxe3 Nb6 16.O-O-O Be6 17.Qe4 Nc6 18.h4 Nd4 19.c3 Bf5 20.Qe1 Ne6 21.Qf2 
c4 22.Be2 Nc5 23.g4 Be4 24.Rh3 Rc8 25.Rd4 Qe8 26.Re3 Bd3 27.Bd1 Rd8 28.
Rxd8 Qxd8 29.f5 Nd5 30.Rh3 Qb6 31.g5 Nb3+ 0-1

[Event "Euskadi tch DH"]
[Site ""]
[Date "2012.02.18"]
[Round "6.5"]
[White "Alonso Arburu, Juan Ignacio"]
[Black "Mindeguia Guruceaga, Juan Jesus"]
[Result "1-0"]
[WhiteElo "2364"]
[BlackElo "2234"]

1.d4 d5 2.Nf3 e6 3.Bf4 Bd6 4.Bg3 Nf6 5.e3 Bxg3 6.hxg3 Nbd7 7.c4 b6 8.cxd5 
exd5 9.Nc3 Bb7 10.Bd3 Ne4 11.Rh4 Nxc3 12.bxc3 Qe7 13.Qa4 c6 14.c4 Qd6 15.
cxd5 Qxd5 16.Bc4 Qd6 17.Ng5 O-O 18.Qc2 g6 19.Rxh7 Qf6 20.f4 b5 21.Bxf7+ 
1-0

[Event "Euskadi tch DH"]
[Site ""]
[Date "2012.02.18"]
[Round "6.5"]
[White "Muñoz Perez, Ivan"]
[Black "Relea, Nicolas"]
[Result "1-0"]
[WhiteElo "2291"]
[BlackElo "2143"]

1.e4 Nc6 2.d4 d5 3.e5 Bf5 4.c3 f6 5.f4 e6 6.Nf3 Nge7 7.Bd3 Qd7 8.O-O Be4 
9.Re1 f5 10.Bf1 h6 11.Nbd2 g5 12.fxg5 Ng6 13.gxh6 Bxh6 14.Nxe4 dxe4 15.Ng5
O-O-O 16.Nh3 Rdg8 17.Kh1 Bxc1 18.Qxc1 Rxh3 19.gxh3 Nh4 20.Bc4 Nf3 21.Qh6 
Nd8 22.Re3 Qc6 23.Bb3 a5 24.Rf1 a4 25.Bd1 Qb5 26.Re2 Qd5 27.Qe3 Rh8 28.
Ref2 Rxh3 29.Bxf3 exf3 30.Rxf3 Nf7 31.Kg1 Rh4 32.Rg3 Re4 33.Qf3 Qxa2 34.
Rg8+ Nd8 35.Qg2 Qd5 36.h3 b5 37.Kh2 b4 38.Rf2 a3 39.bxa3 bxc3 40.Rc2 Qxd4 
41.Rg3 Qxe5 42.Qf3 f4 43.Rg4 Nc6 44.Qxc3 f3+ 45.Qxe5 1-0

[Event "Euskadi tch DH"]
[Site ""]
[Date "2012.02.18"]
[Round "6.5"]
[White "Mombiela Martinez, Gonzalo"]
[Black "Olaizola Ortega, Luis"]
[Result "1/2-1/2"]
[WhiteElo "2091"]
[BlackElo "2215"]

1.d4 d5 2.Nf3 Nf6 3.Bg5 e6 4.e3 c6 5.c3 Qb6 6.Qc2 Ne4 7.Bf4 Nd7 8.Nbd2 f5 
9.Bd3 Be7 10.h4 a5 11.Ne5 Qd8 12.Ndf3 Nxe5 13.Bxe5 O-O 14.Bf4 b6 15.Qe2 c5
16.Ne5 Bb7 17.h5 Bd6 18.Qf3 Ba6 19.Qe2 Bxd3 20.Qxd3 c4 21.Qe2 b5 22.f3 Nf6
23.Qf2 b4 24.Qg3 Qe8 25.h6 Ra7 26.Qh3 Bxe5 27.dxe5 g5 28.Bxg5 Nd7 29.Qg3 
Qg6 30.Rh3 Kf7 31.Qf4 Nxe5 32.Qxe5 Qxg5 33.Rg3 Qxh6 34.Kf2 Qf6 35.Qd6 bxc3
36.Rh1 Rh8 37.bxc3 Qxc3 38.Rh6 Qd2+ 39.Kf1 Qd1+ 40.Kf2 Qd2+ 41.Kf1 Qxe3 
42.f4 Qc1+ 43.Kf2 Qb2+ 44.Kg1 Re7 45.Rgh3 Qg7 46.Kh2 c3 47.Qc5 d4 48.R6h5 
h6 49.Rg3 Qf6 50.Qxa5 c2 51.Qc5 d3 52.Rxd3 Qg6 53.Rhh3 Qg4 54.Rdf3 Rg8 55.
Qxc2 h5 56.Qf2 Qg6 57.a4 Ra8 58.Ra3 Rea7 59.Qd4 Qf6 60.Qd1 h4 61.Qh5+ Ke7 
62.Rxh4 Rg8 63.Rhh3 Rg7 64.Qe2 Qd4 65.Qf3 Qb4 66.Rh6 Rxa4 67.Rxa4 Qxa4 68.
Qb7+ Qd7 69.Qb4+ Kf7 70.Qc3 Kg8 71.Qf6 Rh7 72.Qg6+ Kh8 73.Qf6+ Kg8 74.Qg6+
1/2-1/2